000 00638nam a22002177a 4500
003 UA-OsUOA
001 67841
007 ta
008 20100316b un ||||| |||| 00| 0 ukr d
090 _a94(094.4):343.13
_bУ26
942 _cBK
040 _aUA-OsUOA
_brus
_cUA-OsUOA
_dUA-OsUOA
245 _aУголовно-процессуальный кодекс Украины
_cСмитиенко З. Д., Сербулов В. А.
300 _a287 с.
955 _a2
041 _arus
080 _a94(094.4):343.13
260 _aК.
_c1993
650 7 _a9 Географія. Біографії. Історія
_2UDC
999 _c353964
_d353964